01746 a2200205 4500001000500000005001700005008004100022003001500063040004000078080007700118245003600195020002200231264005200253300001700305505102900322041000801351100002701359700002601386856012801412196920260407155422.0260407a2009 arg spa dAR-UNSa-BCEJYS aAR-UNSa-BCEJYSbspacAR-UNSa-BCEJYS a342.924xActos legales. Actos administrativos. (Procesal administrativo)10aDerecho procesal administrativo a978-987-30-0036-2 1aBuenos Aires :bRubinzal-Culzoni Editoresc2009 a3 v.c22 cm. aVol. 1: 1. Introducción - 2. Control jurisdiccional de la administración en el derecho comparado - 3. Consideraciones preliminares - 4. El sistema argentino de control jurisdiccional - 5. La jurisdicción - 6. El proceso administrativo - 7. Los tribunales competentes en materia administrativa - 8. La materia procesal administrativa - Vol. 2: 9. El objeto del proceso - 10. Las pretensiones administrativas - 11. De las partes procesales - 12. De la capacidad y postulación procesal - 13. La legitimación - 14. Los presupuestos procesales de la actividad - 15. Diligencias previas en sede judicial - 16. La iniciación del proceso - 17. De las excepciones - Vol. 3: 18. De la prueba en el proceso administrativo - 19. Medios anormales de concluir el proceso - 20. De la sentencia - 21. Los recursos contra la sentencia - 22. Efectos de las sentencias - 23. Ejecución de las sentencias - 24. Medidas cautelares y peticiones afines - 25. El estado como parte actora - 26. Los llamados recursos judiciales directos aspa1 aHutchinson, Tomás A.1 aUgarte, José Manuel41uhttps://biblioeco.unsa.edu.ar/pmb/images/libros/Derecho Procesal Administrativo2-l118262.jpgyImagen de portadaqimage/jpeg